000 02609cam a22003131i 4500
003 SA-RiAUC
005 20250305192550.0
008 250305s1989 su g 00100bara c
040 _aSA-JeALM
_bara
_cSA-RiAUC
_erda
082 0 4 _a234.65
_qSA-RiAUC
090 _a234.65
_bس خ ا
100 1 _aالسخاوي، محمد بن عبد الرحمن بن محمد،
_d831-902 هجري
_eمؤلف.
245 1 2 _aالمنهل العذب الروي في ترجمة قطب الأولياء النووي /
_cتأليف محمد بن عبد الرحمن السخاوي ؛ حققه وعلق حواشيه محمد العيد الخطراوي.
250 _aالطبعة الأولى.
264 1 _aالمدينة المنورة :
_bمكتبة دار التراث،
_c1989
300 _a208 صفحة ؛
_c24 سم
336 _aنص
_btxt
_2rdacontent
_3كتاب
337 _aبدون وسيط
_bn
_2rdamedia
338 _aمجلد
_bnc
_2rdacarrier
500 _aيشتمل على كشافات.
500 _aإهداء من فؤاد عبدالمنعم بتاريخ 1411/10 هـ
600 1 7 _aالنووي، يحيى بن شرف بن مري،
_d631-676 هجري
_2aucnm
650 7 _aطبقات رواة الحديث وحفاظه
_vتراجم
_2aucsh
700 1 _aالخطراوي، محمد العيد فرج،
_d1354 هجري-
_eمحقق.
856 _uhttp://www.alwaraq.net/Core/AlwaraqSrv/bookpage?book=554&option=1&fkey=2&page=1
_yDigital Copy
_2 نرجو الانتباه لإمكانية وجود اختلاف في الطبعة أو الناشر بين البيانات على البوابة وما ستجده على الكتاب نظرا لمحدودية المعلومات المتاحة على الموقع الناشر للمادة.
_3Please note that there may be a difference in the edition or publisher between the data on the portal and the book due to the limited information available on the publisher website for the material.
856 _uhttp://www.alwaraq.net/Core/waraq/coverpage?bookid=554&option=1
_yExternal Link
_2 نرجو الانتباه لإمكانية وجود اختلاف في الطبعة أو الناشر بين البيانات على البوابة وما ستجده على الكتاب نظرا لمحدودية المعلومات المتاحة على الموقع الناشر للمادة.
_3Please note that there may be a difference in the edition or publisher between the data on the portal and the book due to the limited information available on the publisher website for the material.
942 _2ddc
_cBOOK
_n0
949 _aSA-JeALM
_d250305
_umohamedma123
_n1
999 _c6280
_d6280